000 00598nam a2200193 i 4500
001 90707
003 ES-MaACL
005 20240216222202.0
007 t|
008 050124s1973 sp ||||1| spa d
100 1 _aLeclercq, Gerard.
_971092
_eaut
245 1 0 _aAntropología y colonialismo /
_cGerard Leclercq ; [traducción, Jesús Martínez de Velasco].
260 _a[Madrid :
_bAlberto Corazón,
_c1973]
300 _a274 p. ;
_c21 cm.
700 1 _aMartínez de Velasco, Jesús
_978038
_etrl
852 _aES-MaACL
_jC-53949
_bR.86635
942 _2udc
999 _c90707
_d90707